| 000 | 00882nam a22002177a 4500 | ||
|---|---|---|---|
| 001 | K121226 | ||
| 008 | 160218b2018 xxu||||| |||| 00| 0 eng d | ||
| 020 | _a9781292209197 | ||
| 041 | _aeng | ||
| 100 | _aSangster, Alan | ||
| 245 | _aFrank Wood's Business Accounting Volume 2 | ||
| 260 |
_aLondon _bPearson Education _c2018 |
||
| 300 |
_a6480 _bEBOOK |
||
| 520 | _aVolume 2 of two books looking at the principles of business accounting. Vol 2 focuses on company accounting including financial analysis, current issues such as sustainability, social-economic factors, supply chain, ecommerce and forensic accounting. | ||
| 650 | _aCompany accounts | ||
| 650 | _aProfit and loss | ||
| 651 | _aUnited Kingdom | ||
| 690 |
_96226 _aBusiness and management |
||
| 856 |
_zView on VLEbooks. Logins for members only from [email protected] _uhttps://www.vlebooks.com/ |
||
| 942 | _n0 | ||
| 999 |
_c121226 _d121226 |
||